00429nam a2200145Ia 4500008004100000041000900041082001800050100002300068245002700091260003700118300000800155650000800163999001700171952009500188230718s9999 xx 000 0 und d aEng. a349.07bCHE-T aCheema Zahed isbal 4aThe Comperies &dinance aPakistanbManzon law book c2012 a304 aLaw c26897d26897 00104070aSIRC-LbSIRC-Ld2023-07-18l0o349.07 CHE-Tp21849r2023-07-18w2023-07-18yBK